[Event "RUS-Cup final"]
[Site "Samara"]
[Date "1998.09.02"]
[Round "5"]
[White "Volkov, Sergey"]
[Black "Khalifman, Alexander"]
[Result "0-1"]
[WhiteElo "2605"]
[BlackElo "2645"]
[Annotator "Khalifman,A"]
[PlyCount "92"]
[EventDate "1998.08.??"]
[EventType "tourn"]
[EventRounds "11"]
[EventCountry "RUS"]
[SourceTitle "CBM 067"]
[Source "ChessBase"]
[SourceDate "1998.11.30"]
[SourceVersion "2"]
[SourceVersionDate "1998.11.01"]
[SourceQuality "1"]

1. d4 {Stohl} Nf6 2. c4 c5 3. d5 b5 4. cxb5 a6 5. f3 axb5 {Stohl: 'Khalifman
was an avid fan of the sharp 5...e6 line, in which he scored important
victories against Lalic and Sergey Ivanov. But the game Lalic-Alterman put a
cloud on the whole line, see also annotations to Timman-van Wely,CBM 66.'} 6.
e4 Qa5+ 7. Bd2 b4 8. Na3 e6 {Rather experimental.Instead of usual 8...d6 Black
attacks White centre immediately.However,I'm not sure if it's enough to
equalise. '!?' Stohl. Stohl: 'But even here the Russian grandmaster comes up
with a relatively less tested idea, which will perhaps gainmore popularity in
the near future.'} (8... d6) ({The usual move is} 8... d6 {Stohl} 9. Nc4 Qc7 {
or} (9... Qd8 $5)) 9. Nc4 Qc7 10. Bg5 $1 {The only chance to fight for
advantage is to secure the outpost on d5. Stohl: 'A logical attempt to
maintain the central pawn chain, other tries are not too promising.'} (10. dxe6
dxe6 (10... fxe6 11. e5 Nd5 12. Nh3 Be7 13. Bd3 O-O 14. f4 g6 15. Qg4 Ba6 16.
O-O Bxc4 17. Bxg6 Bxf1 18. Rxf1 Nc6 19. Qh5 hxg6 20. Qxg6+ Kh8 21. Qh6+ Kg8 22.
Rf3 Bh4 23. Qg6+ Kh8 24. Qh6+ Kg8 25. Qg6+ Kh8 26. Ng5 $1 d6 27. Rh3 Qg7 28.
Rxh4+ Kg8 29. Qxe6+ Rf7 30. Nxf7 Nc7 31. Nh6+ Kf8 32. Qxd6+ Qe7 33. Rg4 Qxd6
34. exd6 Ne8 35. Rg8# {1-0,Arlandi,E-Heinandes,F/Moscow olm/1994/}) 11. e5 (11.
Bd3 Nc6 12. Ne2 Ba6 13. Bf4 e5 14. Bg5 Be7 $15 {0-1 Vareille,F-Ikonnikov,V/Le
Touquet op 1993/EXT 93op (31)} (14... Be7 15. Bxf6 Bxf6 16. Ne3 O-O 17. Nd5 (
17. O-O $143 c4 18. Nxc4 Rfd8 19. Qb1 Na5 20. b3 Nxc4 21. Bxc4 Bxc4 22. bxc4
Qxc4 23. Qb2 Bg5 24. Rfd1 h6 25. Rd5 Be3+ 26. Kf1 Rxd5 27. exd5 Qh4 $19 {
Vareille,F-Ikonnikov,V/Le Touquet op/1993/}) 17... Qd6 18. O-O Ne7 $11)) (11.
a3 Nc6 12. axb4 Rxa1 13. Qxa1 cxb4 14. Be3 Nd7 $15 {0-1 Donrault,P-Ikonnikov,V/
Geneve op 1994/TD 94\02 (22)} (14... Nd7 15. Bd3 Bc5 16. Qc1 Ba6 17. Nd6+ Qxd6
18. Bxa6 O-O 19. Ne2 Nce5 20. f4 Qxa6 21. fxe5 Rc8 22. O-O Qxe2 {0-1,Donrault,
P-Ikonnikov,V/Genève op-A/1994/})) 11... Nd5 12. f4 Nc6 13. Nf3 Be7 $13 {
Skalik,P-Berg,K/Cannes op 1995/EXP 46/1/2-1/2 (55)} (13... Be7 {Stohl} 14. Bd3
Bb7 15. Qe2 Nb6 16. O-O Nxc4 17. Bxc4 Na5 18. Bb5+ Bc6 19. Rfc1 O-O 20. Bxc6
Nxc6 21. Be3 Na5 22. Nd2 Rfc8 23. b3 Qb7 24. Rc2 Qa6 25. Kf2 h6 26. Re1 Rc6 27.
Qxa6 Raxa6 28. Rec1 Nb7 $132 {Skalik,P-Berg,K/Cannes op/1995/})) (10. Nh3 $6
exd5 11. exd5 Nxd5 12. Bg5 Bb7 $17 {0-1 Henrichsen,J-Nielsen,U/Copenhagen3
1995/EXT 95 (32)} (12... Bb7 {Stohl} 13. Bd3 Nc6 14. O-O Nd4 15. Re1+ Be7 16.
Be4 f6 17. Bxd5 Bxd5 18. Bf4 Qc6 19. Nd6+ Kf8 20. Ne4 Kf7 21. Be3 Rhe8 22. Bxd4
cxd4 23. Kh1 Qb6 24. Nf4 Be6 25. Qd3 f5 26. Ng3 g6 $17 {Henrichsen,J-Nielsen,U/
Copenhagen3/1995/})) 10... Ba6 {'!' Stohl. Stohl: 'The powerful Nc4 must go!'}
(10... exd5 11. exd5 Bd6 (11... d6 12. Qe2+ Kd8 13. Qd2 Be7 14. Bd3 Ba6 15. Ne2
$36 {1-0 Gurevich,M-Verwoert,J/Zwolle op 1996/EXT 97 (38)} (15. Ne2 {Stohl} h6
16. Bf4 Nbd7 17. O-O Nb6 18. Nxb6 Qxb6 19. Bxa6 Qxa6 20. a3 b3 21. Rac1 Kd7 22.
Ng3 $36 {[%csl Rd7] עd7,Gurevich,M-Verwoert,J/Zwolle op/1996/})) 12. Bd3 Ba6
13. Bxf6 gxf6 14. Ne2 Bxc4 15. Bxc4 $14 {0-1 Borkovic,V-Manca,F/Borovo 1991/
EXP 23 (44)} (15. Bxc4 O-O 16. a3 Kh8 17. f4 Qd8 18. Qd3 Rg8 19. Kf2 Bf8 20. h4
d6 21. Qf5 Nd7 22. h5 Nb6 23. Bd3 Rg7 24. Rh4 c4 25. Be4 Be7 26. Rg4 Qg8 27.
Rxg7 Qxg7 28. Nd4 $40 {Borkovic,V-Manca,F/Borovo/1991/})) (10... d6 11. Bxf6
gxf6 12. Ne2 Nd7 13. Nf4 Ne5 14. Nh5 $16 {1-0 Kolev,A-Andruet,G/Cannes op 1990/
EXT 90op (23)} (14. Nh5 {Stohl} Be7 15. f4 Nxc4 16. Bxc4 Rg8 17. O-O Ba6 18.
Qb3 Bxc4 19. Qxc4 Qc8 20. e5 fxe5 21. fxe5 Rg5 22. Qf4 Rxe5 23. Qxf7+ Kd7 24.
Nf6+ {1-0,Kolev,A-Andruet,G/Cannes open A/1990/})) 11. Nh3 (11. Ne3 {Stohl}
Bxf1 12. Kxf1 Qe5 $1 $132) ({Illogical is} 11. Bd3 {Stohl} Bxc4 12. Bxc4 Bd6
$36 {as Black wants to take on c4 anyway.}) ({White can hardly keep his centre
intact after the overaggressive} 11. d6 $6 {Stohl} Qc6 12. e5 Nd5 {[%cal Rf7f6]
/\f6|^}) 11... Bxc4 12. Bxc4 Bd6 13. Qb3 $146 {White doesn't pay attention to
the attacked pawn h2 but the immediate exchange on f6 was also worth trying.
'N!?' Stohl. Stohl: 'White connected this novelty with the double-edged idea
of Q-side castling.'} (13. g3 Be5 14. Bf4 Bxf4 (14... O-O $4 15. d6 $18) 15.
Nxf4 e5 $13 {Gueldner,K-Nikolaev,S/Budapest 1990 '>=!?' Stohl.} (15... O-O $142
$5 {Stohl} 16. d6 Qb6 17. e5 Ne8 {[%cal Rb8c6,Rf7f6] /\Nc6,f6<=>}) (15... Qe5
16. Qc2 $14) (15... e5 16. d6 $1 ({Black achieved his strategical aims in an
ideal form after} 16. Nd3 $2 O-O 17. O-O d6 18. Qe2 Nbd7 19. f4 exf4 20. Rxf4
Rae8 21. Qf3 Ne5 22. Nxe5 Rxe5 23. a3 Qe7 24. axb4 cxb4 $17 {Gueldner,
K-Nikolaev,S/Budapest IM-A/1990/}) 16... Qc6 (16... Qb6 17. Nh5 $1 Nc6 18.
Nxg7+ Kf8 19. Qd2 $40 (19. Nf5 Nd4 $132)) 17. Ng2 O-O 18. Ne3 $36)) (13. Bxf6
$5 gxf6 14. g3 Be5 (14... h5 15. f4 $1 $16) 15. Qb3 $14 {Stohl: '/\Ng1-e2,f4'}
(15. Qd2 {[%cal Rh3g1,Rg1e2,Rf3f4] (Stohl) /\Ng1-e2,f4} h5 $1 16. f4 Bd4 17.
Ng1 h4 18. g4 e5 $11)) 13... exd5 {From this moment Black is forced to play
only moves to avoid deep trouble. Naturally it took some precious time.} (13...
Bxh2 $6 14. f4 Nxe4 15. Rxh2 Nxg5 16. Nxg5 Qxf4 17. Nf3 $16 {'|^' Stohl. Stohl:
'@'}) 14. exd5 (14. Bxd5 Nxd5 15. Qxd5 Ra5 $13 {'!?' Stohl.} (15... Ra5 $5 {
Stohl} 16. g3 c4 $36) (15... Nc6 16. Rd1 $13)) 14... Be5 (14... O-O 15. Bxf6
gxf6 16. O-O-O $16) 15. O-O-O (15. d6 Qxd6 16. Bxf7+ Kf8 $11) 15... O-O (15...
Bxh2 $2 16. f4 Qd6 17. Rde1+ Kd8 18. Rxh2 $18) (15... d6 16. f4 Bd4 17. Rhe1+
$16) 16. Rhe1 (16. d6 Qa5 (16... Bxd6 17. Bxf6 gxf6 18. Qd3 Be5 19. Qe4 Qa5 20.
Ng5 $1 (20. Bd3 Bxb2+ 21. Kxb2 Qxa2+ 22. Kc1 Qa1+ 23. Kd2 Ra2+ 24. Ke3 Qe5 $13)
20... Bxb2+ 21. Kxb2 fxg5 22. Rd5 $16) 17. f4 (17. Be3 Bd4 $1 18. Bxd4 cxd4 19.
Rxd4 Nc6 $44) (17. Rhe1 Nc6 18. f4 Bd4 19. Re7 Nxe7 20. dxe7 Rfc8 21. Bxf7+ Kh8
$13) 17... Bd4 18. Rhe1 (18. Rxd4 cxd4 19. Bxf6 Rc8 $1 $17) 18... Qa4 19. Qxa4
(19. Qg3 Nc6 20. Bb3 (20. Bh6 Bxb2+ $17) 20... Qa6 21. Rxd4 Nh5 $17) 19... Rxa4
20. Kb1 Ra7 $13) (16. Be3 Ne8 $1 (16... d6 17. f4 Bc3 (17... Bd4 18. Bxd4 cxd4
19. Rxd4 Rc8 20. Kb1 $16) 18. Rd3 $16) 17. Rhe1 Nd6 $13) 16... d6 {[#] Stohl:
'/\Nbd7-/+'} 17. Rxe5 $5 {Objectively this tempting exchange sac is not fully
correct. However,it's not so easy to defend Black position being rather short
of time. '!' Stohl. Stohl: 'White wants to prevent the consolidation of
Black's position at all costs, because then he would have problems on the
a-file and with his ע. The sacrifice is very dangerous and requires careful
defence, Khalifman manages to turn the tables only after White's inaccuracies.'
} (17. f4 Bd4 18. Ng1 $5 (18. Qg3 Nbd7 {'=/+' Stohl.} (18... Kh8 $15 {Stohl})
19. Bh6 Nh5 20. Qg5 Nb6 $17) 18... Nfd7 $1 (18... Bxg1 19. Bxf6 Bxh2 20. g3
gxf6 21. Rh1 Nd7 22. Rxh2 Rfe8 23. Qf3 $16) (18... Nbd7 19. Nf3 Bc3 20. Re7 $16
) 19. Nf3 (19. Be7 Rc8 20. Nf3 Nb6 $13 (20... Bf6 21. g4 $1 $36)) 19... Bf6 $13
) 17... dxe5 18. Bxf6 gxf6 19. d6 (19. f4 Qd6 $15) (19. Nf2 f5 20. g4 Qe7 $15)
19... Qd7 20. f4 {'!' Stohl.} (20. Nf2 Nc6 (20... Qf5 $5 $15) (20... Qf5 {Stohl
} 21. Ne4 (21. Bd5 Ra7 22. Qe3 Qg5 $1 $17) 21... Nd7 22. Bb5 Rfd8 $15) (20...
f5 $6 21. Qe3 $40) 21. Ng4 Kh8 $1 22. Bb5 (22. Nxf6 Qf5 $17) 22... Qb7 23. Nxf6
Nd4 $1 $17) 20... Nc6 $6 {After this natural human move Black's problems can
grow. Computer-like 20...Qg4! would give me better chances.} (20... Qg4 $1 21.
Bb5 (21. fxe5 Nc6 22. Bd5 Nd4 23. Qe3 Rad8) (21. Rd3 exf4 22. Rf3 Nc6 23. Rxf4
Qg7 $17) 21... exf4 22. Qd5 Ra7 23. d7 Rd8 24. Re1 Raxd7 25. Bxd7 Qxd7 $15) 21.
Qg3+ Kh8 22. Qh4 {[%cal Rc4d3]} Qf5 (22... Kg7 23. Rd3 $18) 23. g4 (23. Bd3 e4
24. g4 Qe6 25. Re1 {'!' Stohl.} (25. f5 Qxd6 $1 26. Bxe4 Qe5 27. Bxc6 Rxa2 $19
{->}) 25... exd3 (25... Rxa2 26. Rxe4 Qb3 27. Qxf6+ Kg8 28. Qg5+ $11) (25...
Ne5 $5 26. Bxe4 Qc4+ 27. Bc2 Ng6 28. Qxf6+ Kg8 $13) 26. Rxe6 fxe6 $17 (26...
fxe6 {Stohl} 27. Qh6 $132)) 23... Qg6 (23... Qe4 24. Qxf6+ Kg8 25. Bxf7+ $1
Rxf7 26. Qxf7+ Kxf7 27. Ng5+ $18) 24. f5 (24. Bd3 Qg7 (24... e4 25. f5 $16) 25.
Be4 Ra6 {'!?' Stohl.} (25... Rxa2 26. Bxc6 Ra1+ 27. Kd2 Ra6 $13 (27... Ra6 28.
Be4 Rxd6+ $11)) (25... b3 $5 {Stohl} 26. a3 Nd4 $5 27. Bxa8 Rxa8 $13 {and it's
difficult to say which K is more exposed.}) 26. Bxc6 Rxc6 27. fxe5 {'+/='
Stohl.} Ra6 $13) 24... Qg7 25. Nf2 {During the game this positional move
seemed to be very strong. Well it may be not but at least it caused some panic.
'?!' Stohl.} (25. g5 Nd4 (25... b3 26. Bxb3) 26. gxf6 Qg2 27. Rxd4 (27. Nf2
Nxf5 $19) 27... Rxa2 $5 (27... cxd4 28. Ng5 Qg1+ $11 (28... Qg1+ {Stohl} 29.
Kd2 Qe3+ 30. Kd1 $11)) 28. Bxa2 cxd4 29. d7 $1 Qh1+ (29... d3 30. Nf2 Qf1+ 31.
Nd1 Qe2 32. Bb3) (29... b3 30. Bxb3 Ra8 31. Nf2 $16) 30. Kc2 Qxh2+ 31. Kd3 $11)
(25. Bd5 {Stohl} b3 $5 (25... Ra6 26. g5 $40) 26. a3 Nd4 (26... Ra6 27. g5 fxg5
28. Nxg5 Nd4 29. f6 Qg6 30. Be4 Rxd6 $5 31. Rd2 Nf5 32. Rxd6 Nxh4 33. Bxg6 hxg6
34. Rd7 $16) 27. Bxa8 Rxa8 $13) 25... Qg5+ $6 {In time-trouble I was happy to
liquidate into the ending. However there was nothing to fear after 25...Nd4.} (
25... Nd4 26. Kb1 (26. Ne4 b3 $1 27. a3 (27. Bxb3 c4 28. Bxc4 Rfc8 $17) 27...
Ra4 28. Bd5 Rd8 $15) 26... b3 27. Bxb3 $13) 26. Qxg5 fxg5 27. Rd5 $6 {I was
lucky that my opponent was in time-trouble also.This natural move gives me
enough time to consolidate. '?' Stohl. Stohl: 'White wants to win at any price
and gets carried away.'} (27. Ne4 $1 Nd4 (27... f6 28. Bd5 Ra6 29. Nxc5 $16)
28. Nxg5 Ra7 29. Ne4 $16 {and kingside pawn march would decide the game.}) (27.
Ne4 $1 $44 {Stohl}) (27. Bd5 {Stohl} Ra6 28. Ne4 Nd4 29. Nxg5 f6 (29... Rxd6
30. Nxf7+ Rxf7 31. Bxf7 Ne2+ 32. Kc2 Nd4+ 33. Kb1 Nxf5 34. Re1 Nh6 35. Bh5 $16)
(29... Kg7 $5) 30. Ne4 (30. Ne6 Rxd6 31. Nxf8 Rxd5 $15 {[%csl Gc5,Gd4,Gd5,Ge5]
[+]}) 30... Rd8 31. Bc4 Raxd6 $132) 27... Na5 28. Be2 (28. Bb5 $5 Nb7 (28...
Rfb8 29. d7 Rxb5 30. d8=Q+ Rxd8 31. Rxd8+ Kg7 32. Ne4 $16) 29. Bc6 Ra7 30. Bxb7
Rxb7 31. Ne4 $44) (28. Rxc5 $2 {Stohl} Rfc8 $19) 28... Nb7 {'!' Stohl.} 29. Kb1
Ra5 {'-/+' Stohl.} 30. Ne4 {[%cal Rd5c5,Re4c5,Ga5c5,Gb7c5]} (30. f6 $5 {Stohl}
c4 $17) 30... f6 31. a4 $2 {Terrible blunder. Sergey just forgot about 'en
passant' rule.} (31. Bc4 Rd8 32. d7 Kg7 $11 {seems to be positional draw.}) (
31. d7 {Stohl} Kg7 {[%cal Rg7e7] /\Kf7-e7-+}) 31... bxa3 32. bxa3 Rxa3 $17 {
Now the position is opened and White blockade can't compensate material
deficit.} (32... Kg7 {Stohl} 33. Ka2 $17) 33. d7 Kg7 {'-+' Stohl.} 34. Bd1 (34.
Nxc5 Nxc5 35. d8=Q Rxd8 36. Rxd8 Rh3 $19) 34... Kf7 35. Kb2 (35. Nxc5 Nxc5 36.
d8=Q Rxd8 37. Rxd8 Rd3 $19) 35... Re3 (35... Raa8 $5) (35... Ra5 $5 {Stohl} 36.
Bb3 Ke7 $19) 36. Nxc5 Nxc5 {'!' Stohl. Stohl: 'Returning the extra exchange is
the technically clearest solution.'} 37. d8=Q (37. Rxc5 {Stohl} Ke7 38. Rc8 Rd8
$19) 37... Rxd8 38. Rxd8 Rd3 (38... Ke7 39. Rc8 Nd3+ 40. Kc2 $17) 39. Rxd3 {
'[]' Stohl.} (39. Rc8 Rxd1 40. Rxc5 Rd2+ 41. Kc3 Rxh2 $19) 39... Nxd3+ 40. Kc3
Nf2 41. Bf3 Ke7 42. Kc4 $6 (42. Kd2 Kd6 43. Ke3 Nh3 {would continue the battle
but the result is clear: idea h7-h5 will decide sooner or later.}) 42... Kd6
43. Be2 h6 $1 {White is in Zugzwang and must give the second pawn.The game is
over. '(.)' Stohl.} (43... e4 $2 {Stohl} 44. Kd4 $11) 44. h3 {Stohl: 'Looks
like an oversight, but White was in Zugzwang anyway.'} (44. Kc3 Kd5 45. Kd2 (
45. Bf3+ {Stohl} e4 46. Be2 Ke5 $19) 45... Ke4 $19) (44. Bf3 {Stohl} e4 45. Be2
Ke5 $19) 44... Nxh3 45. Bd1 Nf2 (45... Nf4 46. Bf3 $19) 46. Be2 Ne4 (46... Ne4
47. Kd3 Ng3 $19 (47... Ng3 {Stohl} 48. Bf3 h5 $1 49. gxh5 (49. Ke3 e4 $19)
49... Nxf5 $19)) 0-1

[Event "RUS-Cup final"]
[Site "Samara"]
[Date "1998.09.06"]
[Round "8"]
[White "Khalifman, Alexander"]
[Black "Dvoirys, Semen I"]
[Result "1-0"]
[WhiteElo "2645"]
[BlackElo "2585"]
[Annotator "Khalifman,A"]
[PlyCount "107"]
[EventDate "1998.08.??"]
[EventType "tourn"]
[EventRounds "11"]
[EventCountry "RUS"]
[SourceTitle "CBM 067"]
[Source "ChessBase"]
[SourceDate "1998.11.30"]
[SourceVersion "2"]
[SourceVersionDate "1998.11.01"]
[SourceQuality "1"]

1. d4 {Hecht} Nf6 2. c4 g6 3. Nc3 d5 4. Nf3 Bg7 5. cxd5 Nxd5 6. e4 Nxc3 7. bxc3
c5 8. Rb1 O-O 9. Be2 cxd4 10. cxd4 Qa5+ 11. Bd2 Qxa2 12. O-O a5 13. Bg5 h6 $6 {
This move can be hardly recommended as a valuable alternative to usual 13...a4.
Simon played it against me one year ago in Elista and held a draw. Now I was
prepared a bit better.} (13... a4) (13... Bf6 14. Bh6 Bg7 15. Bxg7 Kxg7 16. d5
$44) 14. Bxe7 Re8 15. Bd6 $1 {This move with all following lines was deeply
analysed by myself one week after Elista game in May 1997. However the other
players did the same work and in Informant 72 one can find the game
Notkin-Vorobiev. So it was even more surprising that Simon was eager to defend
Black's position once more.} (15. Rc1 Qe6 (15... Rxe7 16. Rxc8+ Kh7 17. Bc4 Qa3
18. Qc2 $16) 16. Ba3 Qxe4 17. Bb5 (17. Re1 Bg4 18. Ne5 Bxe2 19. Rxe2 Qf5 $15)
17... Rd8 (17... Bd7 18. Re1 Qxe1+ 19. Nxe1 Bxb5 20. Qb3 Ba6 21. Nf3 $14) 18.
Re1 Qf5 $13 {Khalifman,A-Dvoirys,S/RUS-ch 1997/}) 15... Rxe4 16. Rc1 Bf5 $146 {
This is a new move although mentioned in Informant annotations. Probably my
opponent hoped that I would play Notkin's recommendation but I prepared
something else.} (16... Nc6 17. Bc4 Qb2 18. Rb1 Qc3 (18... Rxd4 19. Qe1 $1 Qxb1
20. Qe8+ Kh7 21. Bxf7 $18) 19. Bd5 Rxd4 20. Nxd4 Nxd4 {Notkin,M-Vorobiev,E
Moscow 1998} (20... Qxd4 21. Qxd4 Nxd4 (21... Bxd4 22. Rfe1 Kg7 23. Re8 $16)
22. Rfe1 $16) 21. Qe1 $1 Qxe1 (21... Be6 22. Bxe6 Nxe6 23. Qxc3 Bxc3 24. Rxb7
$16) (21... Bf5 22. Bxf7+ $1 $18) 22. Rfxe1 $16) (16... Qe6 17. Bd3 Nc6 (17...
Rg4 18. Re1 Qxd6 19. Rxc8+ Kh7 20. Qa4 $18) 18. Bxe4 Qxd6 (18... Qxe4 19. d5
$16) 19. Bxc6 bxc6 20. Qa4 $16) (16... Re8 17. Bc4 Qb2 18. Rb1 Qc3 19. Qa4 Bd7
20. Qa2 Be6 21. Bxe6 fxe6 22. Rfc1 Qd3 23. Rxb7 $16) (16... Bg4 17. Bc4 Qb2 18.
h3 $1 (18. Qd3 Bf5 $13) 18... Rxd4 (18... Bf5 19. Rb1 Qc3 20. Bd5 $16) 19. Qe1
Bd7 (19... Be6 20. Bxe6 Rxd6 21. Rc8+ Kh7 22. Bxf7 $18) (19... Rxd6 20. Qe8+
Kh7 21. Bxf7 Nc6 22. Qxa8 Rd8 23. Bxg6+ $1 Kh8 24. Qxd8+ Nxd8 25. hxg4 $16) 20.
Nxd4 Qxd4 21. Bxb8 Rxb8 22. Qxa5 $16) 17. Bc4 Qb2 18. Rb1 $1 {Only now I
deviated from the 'Informant' lines.} (18. Bd5 {is Notkin's proposal but after}
Nc6 $1 (18... Re8 19. Rc7 $16 {Notkin}) 19. Bxe4 (19. Rb1 Rxd4) 19... Bxe4 $44
{Black is doing fine.}) 18... Qc3 (18... Rxd4 {at first glance refutes White's
idea but...} 19. Qa4 $3 (19. Qe1 Re4 20. Rxb2 Rxe1 21. Rxe1 Bxb2 22. Re8+ Kg7
$13) 19... Bd7 (19... Bxb1 20. Qe8+ Kh7 21. Bxf7 Nd7 22. Qxa8 h5 23. Bg8+ Kh6
24. Qxa5 $18) 20. Rxb2 Bxa4 21. Nxd4 Bxd4 22. Rxb7 Nd7 23. Rc1 $16) 19. Bd5 Nd7
(19... Nc6 20. Rxb7 $16) 20. Rb3 (20. Rxb7 Nf6 21. Bxf7+ Kh7 22. Be5 {is good
also but I wanted to play some technical positions.}) 20... Rxd4 {Now the game
enters the technical phase. Black has a pawn for the exchange in the ending
but only slim survival chances.} (20... Qc8 {From the practical point of view
had to be preferred. White will have extra exchange but very accurate play
would be required to convert it into win.} 21. Bxb7 Qe8 22. Bxa8 Qxa8 23. Ra3
Bg4 24. Qd3 Re6 25. Bc7 Ra6 26. Ne5 $16) 21. Nxd4 Qxd4 22. Rxb7 Rc8 (22... Bd3
23. Bxf7+ Kxf7 24. Rxd7+ Kg8 25. Qf3 $18) (22... Ra6 23. Qxd4 Bxd4 24. Ba3 $18)
23. Qxd4 Bxd4 {Now White has to trade some pieces without affording a-pawn
moving too far. Then a-pawn will fall and practically any ending 3-3 on the
kingside with extra exchange will be easily won. My technique was not perfect
but still good enough to win the game.} 24. h3 h5 25. Rd1 Bf6 (25... Bb6 26.
Bb3 Bd8 27. Ba3 (27. Bf4 Nc5 28. Bxf7+ Kg7 29. Ra7 Bb6 $16) 27... Ne5 28. Bb2
Be4 29. Ra7 Bb6 30. Re7 Nd3 31. Rxf7 $18) 26. Bb3 (26. Ra7 $5 a4 (26... Bd8 27.
Bb7 Bb6 28. Bxc8 Bxa7 29. Bxd7 Bxd7 30. Be5 $18) (26... Rc2 27. Rxa5 Nb6 28.
Ba2 $18) (26... Bc3 27. Rc1 $18) 27. Ba2 h4 28. Re1 $18) 26... Rc3 (26... Ra8
27. Ba3 a4 28. Ba2 Rd8 (28... Ne5 29. f4 $18) 29. Ra7 $18) 27. Bf4 Kg7 (27...
Rxb3 28. Rxb3 Bc2 29. Rbd3 Nc5 (29... Bxd1 30. Rxd1 Nc5 31. Rd5 Nb3 32. Be5 $18
) (29... Nf8 30. R3d2 Bxd1 31. Rxd1 Ne6 32. Bd2 a4 33. Bb4 Nd4 34. Rd2 $18) 30.
Rd8+ Kg7 31. R1d6 Bxd8 32. Rxd8 $18) (27... g5 28. Be3 g4 29. hxg4 Bxg4 (29...
hxg4 30. Rd6 $1 Be5 (30... g3 31. Bd2 gxf2+ 32. Kxf2 Nc5 33. Rxf6 $18) 31. Ra6
$18) 30. Rd6 Be5 (30... a4 31. Bxa4 Ra3 (31... Nc5 32. Ra7 Be6 33. Bc6 $18))
31. Ra6 $18) 28. Be3 (28. Rd6 a4 $1 29. Bd5 (29. Bxa4 Nc5 30. Rb4 (30. Ra7 Ra3)
30... Nd3 $11) 29... g5 $1 (29... Ne5 30. Rbb6 Rc5 31. Rxf6 Rxd5 32. Rfd6 Rc5
33. Be3 $18) 30. Be3 Ne5 31. Bd4 Rc1+ 32. Kh2 Bg6 $13) 28... Ne5 (28... Rxb3
29. Rxb3 Bc2 30. Rbd3 $1 (30. Rxd7 Bxb3 $14) 30... Ne5 (30... Nb8 31. Bd4 Bxd4
32. Rxd4 Nc6 33. R4d2 Bxd1 34. Rxd1 Kf8 35. Rc1 Nd4 36. Rc4 Nb3 37. Ra4 $18)
31. R3d2 Bxd1 32. Rxd1 Nc4 (32... a4 33. Rd4 $18) 33. Bd4 Bxd4 (33... a4 34.
Bxf6+ Kxf6 35. Rc1 Nb2 36. Ra1 $18) (33... Ne5 34. Kf1 $18) (33... g5 34. Bxf6+
Kxf6 35. Rc1 $18) 34. Rxd4 Nb6 35. Rd6 Nc4 36. Rc6 Nd2 37. Rc2 Nb3 38. Ra2 $18)
29. Rc1 (29. Bd4 $6 Rxb3 30. Rxb3 Bc2 31. Rb5 Bxd1 32. Bxe5 Bxe5 33. Rxe5 a4
$14) 29... Rd3 (29... Rxc1+ 30. Bxc1 Nd7 31. Ra7 Bc3 32. Bf4 $18) (29... Nd7
30. Rxc3 Bxc3 31. Rc7 Be5 (31... Bb4 32. Bd4+ Kf8 33. Bf6 $1 $18) 32. Ra7 Bc3
33. Bf4 $18) 30. Bc2 Rd7 (30... Ra3 31. Bxf5 gxf5 32. Bc5 Ra2 33. Be7 $18) 31.
Rxd7 Bxd7 32. Bd4 a4 (32... Nf3+ $2 33. gxf3 Bxd4 34. Rd1 $18) (32... Be6 33.
Kh1 Nc4 34. Bxf6+ Kxf6 35. Ra1 $18) 33. Kh1 a3 34. Ra1 Nc4 35. Bxf6+ Kxf6 36.
Bd3 Be6 37. Bxc4 Bxc4 38. Rxa3 {Hecht: 'Technik'} Ke5 39. Kh2 Bd5 40. Kg3 Kf6 (
40... h4+ {Hecht} 41. Kxh4 Bxg2 42. Kg5 Be4 43. Re3 Kd4 (43... f6+ 44. Kh6 f5 (
44... Kf4 45. Rxe4+ Kxe4 46. Kxg6 $18) (44... g5 45. f3 $18) 45. f3 Kf4 46.
Rxe4+ fxe4 47. fxe4 Kxe4 48. Kxg6 $18) 44. Kf6 Bd5 45. Re7 $18 {[%csl Rf7]})
41. Ra6+ Kg7 (41... Ke5 42. Ra5 f6 43. f3 g5 (43... Ke6 44. h4 Ke5 45. Rb5 Ke6
46. Kf4 Kd6 47. g4 hxg4 48. fxg4 $18) 44. h4 Ke6 45. hxg5 fxg5 46. Kf2 h4 (
46... Kd6 47. Ke3 Ke5 48. Rb5 h4 49. Ra5 $18) 47. Ke3 g4 48. Ra4 $18) 42. h4
Bc4 43. Rd6 Bb3 44. Kf4 Bc4 (44... f6 45. f3 Kf7 46. g4 hxg4 47. fxg4 Kg7 48.
g5 $18) 45. Ke5 Bf1 46. g3 Be2 47. Rd4 Bf1 48. Kd6 Kf8 49. Rb4 Bh3 50. Rb8+ Kg7
51. Ke7 Be6 52. Rb6 Bc4 53. Rf6 {Hecht: '[#] Gegen das Gewinnmanöver f2-f4-f5
ist Schwarz ohne Verteidigung, weil f7 gedeckt werden muß und Le6 am
Qualitätsopfer scheitert.'} Bd5 54. f4 (54. f4 {Hecht} Bb3 (54... Be6 55. Rxe6
fxe6 56. Kxe6 $18) 55. f5 Bc4 (55... gxf5 56. Rxf5 Kg6 57. Rg5+ Kh6 58. Kf6 Bc4
59. Rg7 $18 {[%csl Rf7]}) 56. Rc6 Bd5 57. Rd6 Bc4 58. f6+ Kg8 59. Rd8+ Kh7 60.
Rf8 $18 {[%csl Rf7]}) 1-0